Top 10 countries with the highest divorce rate - Statistics

General Stats
  • This quiz has been taken 100 times
  • The average score is 6 of 10
Answer Stats
Rank Continent Country % Correct
3 North America United States of America
95%
9 Europe Russia
79%
4 Caribbean Cuba
68%
6 Territory belonging to the US Puerto Rico
66%
7 Central America Panama
63%
8 Europe Ukraine
60%
2 Europe Belarus
45%
5 Europe Estonia
41%
10 Caribbean Antigua and Barbuda
37%
1 Asia Maldives
16%
No matching quizzes found
Score Distribution
Percent of People with Each Score
Percentile by Number Answered
Your Score History
You have not taken this quiz